Choosing Words - B's - Statistics

General Stats
  • This quiz has been taken 31 times
  • The average score is 14 of 15
Answer Stats
Hint Answer % Correct
L: Most Popular Country of South America.
C: Biggest Country of South America.
Brazil
100%
L:This Iconic leave is Useful for Italian pizza. Basil
97%
L:Falling snowflakes has a higher energy. Blizzard
97%
C: What did you see if you accidentally sliced your finger.
Blood
97%
L: This Thing Had Papers Many Pages
Just like Story Books, Activity Book, (etc.)
C: Found Something in the Library.
Book
97%
L: Organ that Human doing Focus, Memorise, Thinking
and Recognise.
C: Zombie's feast.
Brain
97%
L:This Object is used for painting or cleaning your teeth. Brush
97%
L:Creepy crawler.
C:If there's Issue problems on Video games.
Bug
97%
L: Currency's building.
C: The building has money vault/safe.
Bank
93%
L:The Stinger Insect.
C:Say The 2nd Letter, It's a pun. what do you expect?
Bee
93%
LA:This thing is used for Archery.
LB:Fashion tie/top accessory.
C:Rain___.
Bow
93%
L: Masculine cattle.
C: Contrast of cow.
Bull
93%
L:Another word of thief.
C:Cat ________.
Burglar
90%
L:An Diary's pressure. (This will melt slowly if extremely heats up) Butter
90%
L: Flighted animal.
C: Flock animal.
Bird
86%
No matching quizzes found
Score Distribution
Percent of People with Each Score
Percentile by Number Answered
Your Score History
You have not taken this quiz